01614nam a2200433 i 450000100060000000300080000600500170001400600190003100700150005000800410006502000180010602000280012403500220015204000310017405000200020508000090022508200150023410000290024924501000027826400420037830000410042033600310046133700330049233800430052549000380056850400290060658800830063559001620071865000300088065000130091065000310092365000260095465500270098070000360100779700180104383000390106185600630110099900170116327275FINmELB20241216215952.0m o d | cr cnu||||||||221027s2021 sp ob 000 0 spa d z9788418193378 a9788418193385q(e-book) a(OCoLC)1351574961 aFINmELBbspaerdacFINmELB14aQA95bG227 2021 a51-804a793.742231 aGardner, Martin,eautor.10aDamas, parábolas y otras mistificaciones /cMartin Gardner ; traducción, Luis Bou García. 1aBarcelona :bEditorial Gedisa,c2021. a1 recurso en línea (191 páginas) atextobtxt2rdacontent/spa acomputadorabc2rdamedia/spa arecurso en líneabcr2rdacarrier/spa1 aDesafíos matemáticos. Nivel 2 aContiene bibliografía. aDescripción basada en metadatos suministrados por el editor y otras fuentes. aRecurso electrónico. Santa Fe, Arg.: elibro, 2021. Disponible vía World Wide Web. El acceso puede estar limitado para las bibliotecas afiliadas a elibro. 0aMathematical recreations. 0aPuzzles. 4aMatemáticas recreativas. 4aJuegos intelectuales. 4aLibros electrónicos.1 aBou García, Luis,etraductor.2 aelibro, Corp. 0aDesafíos matemáticos. Nivel 2.40uhttps://elibro.net/ereader/politecnicointernacional/218821 c27275d27275